000 01296cam a2200265 a 4500
003 EG-GiCUC
005 20250223030612.0
008 120403s1988 ua e f m 000 0 ara d
040 _aEG-GiCUC
_bara
_cEG-GiCUC
041 0 _aara
049 _aاهداء
097 _aماجستير
099 _aCai01.34.M.Sc.1988.مك.د
100 0 _aمكة عبدالمنعم محمد البنا
245 1 0 _aدراسة تجريبية لتنمية المهارات الهندسية لتلاميذ الحلقة الثانية من مرحلة التعليم الأساسى فى ضوء مسارات تفكير التلاميذ والمعلمين /
_cمكة عبدالمنعم محمد البنا ؛ اشراف سعد يسى زكى : محمد أمين المفتى
260 _aالقاهرة :
_bمكة عبدالمنعم محمد البنا :
_c1988
300 _a379ورقة :
_bرسوم هندسية ؛
_c30سم
502 _aاطروحة (ماجستير) - جامعة عين شمس - كلية البنات - قسم المناهج وطرق التدريس
700 0 _aسعد يسى زكى :
_eمشرف
700 0 _aمحمد أمين المفتى :
_eمشرف
856 _uhttp://172.23.153.220/th.pdf
905 _aFatma
_eCataloger
905 _aNazla
_eRevisor
942 _2ddc
_cTH
999 _c38131
_d38131